Statistiques concernant Personnages célèbres - Série 31

Cliquez ici pour prendre le quiz!

Statistiques générales

  • Ce quiz a été pris 147 fois
  • Le résultat moyen est 8 sur 15

Statistiques - réponses

Réponse% Correct
Gérard Depardieu
98%
Renaud
97%
Edith Piaf
92%
Michel Polnareff
85%
Elie Semoun
83%
Henri Salvador
77%
Lionel Richie
49%
Herbert Leonard
40%
Frank Sinatra
37%
Pascal Sevran
33%
Gérard Larcher
31%
Jeannie Longo
26%
Tino Rossi
23%
Gérard Rinaldi
21%
Demis Rousssos
21%

Distribution des résultats

Percentile par nombre de réponses

% des personnes avec chaque résultat

Votre développement - résultats

Vous n’avez pas pris ce quiz